Vista normal
Vista MARC
Entrada Materia (personas)
Número de registros utilizados en: 3
001 - CONTROL NUMBER
- control field: 149867
003 - CONTROL NUMBER IDENTIFIER
- control field: Co-BoUCM
005 - DATE AND TIME OF LATEST TRANSACTION
- control field: 20211025104701.0
008 - FIXED-LENGTH DATA ELEMENTS
- fixed length control field: 211025|| aca||aabn | a|a d
040 ## - CATALOGING SOURCE
- Original cataloging agency: Co-BoUCM
- Transcribing agency: Co-BoUCM
100 ## - HEADING--PERSONAL NAME
- Personal name: Morand, Paul,1888-1976
670 ## - SOURCE DATA FOUND
- Source citation: Work cat.: (Co-BoUCM)86332: Morand, Paul,1888-1976, Bouddha vivant, 1927